000 00602nam a22002057a 4500
003 BD-DhSAU
005 20231004130711.0
008 170521b2009 ii a|||| |||| 00| 0 eng d
020 _a9788170355700
040 _aBD-DhSAU
082 _222
_a338.37130954
_bAq31
245 _aAquaculture Resurgence :
_bBirth of Blue Revolution /
_cEdited by A.B. Chaudhuri
260 _aNew Delhi :
_bDaya Publishing House
_cc2009
300 _axviii, 285p. :
_bill. ;
_c22cm.
504 _aInclude index
590 _akobir
650 _aAgricultural Resurgence
700 _aChaudhuri, A.B.
942 _2ddc
_cBOOK
999 _c13962
_d13961